000 00600nam a2200193Ia 4500
003 IN-BaIIA
008 211028s9999 xx 000 0 eng d
020 _a0174-254 X
040 _cIIA Library
080 _a083.8.523.8
_bAPP-89
110 _aAstronomisches Rechen-Institut
_96078
245 0 _aApparent Places of Fundamental Stars 1989
_cAstronomisches Rechen-Institut
260 _aHeidelberg
_bAstronomisches Rechen-Institut
_c1988
300 _axliv, 510p
650 _aAstronomy and Astrophysics Thesaurus
650 _aCatalogue-Stars
_9966
650 _aStars-Catalogue
_9967
942 _cBK
999 _c9496
_d9496